Statystyki dla top piłkarze

Kliknij tutaj aby rozwiązać quiz!

Ogólne statystyki

  • Ten quiz został rozwiązany 202 razy
  • Średni wynik to 4 z 8

Statystyki odpowiedzi

HintOdpowiedź% Poprawnych
argentynamessi
99%
brazylianeymar
95%
portugaliaronaldo
86%
belgiahazard
35%
słoweniaoblak
34%
hiszpaniaramos
29%
polskalewandoski
5%
belgiade bruine
2%

Rozkład punktacji

Percentyl według liczby udzielonych odpowiedzi

Procent ludzi z każdym wynikiem

Twoja historia wyników

Nie rozwiązałeś tego quizu